Bài tập hóa học vô cơ
Na minha lista:
| Autor principal: | |
|---|---|
| Formato: | Livro |
| Idioma: | Undetermined |
| Publicado em: |
H.
KHKT
2001
|
| Assuntos: | |
| Tags: |
Adicionar Tag
Sem tags, seja o primeiro a adicionar uma tag!
|
| Thư viện lưu trữ: | Trung tâm Học liệu Trường Đại học Cần Thơ |
|---|
| LEADER | 00498nam a2200181Ia 4500 | ||
|---|---|---|---|
| 001 | CTU_49995 | ||
| 008 | 210402s9999 xx 000 0 und d | ||
| 082 | |a 546.076 | ||
| 082 | |b Qu603 | ||
| 100 | |a LÊ MẬU QUYỀN | ||
| 245 | 0 | |a Bài tập hóa học vô cơ | |
| 245 | 0 | |c LÊ MẬU QUYỀN | |
| 260 | |a H. | ||
| 260 | |b KHKT | ||
| 260 | |c 2001 | ||
| 650 | |a chemistry, organic | ||
| 650 | |x problems, exercises, etc. | ||
| 980 | |a Trung tâm Học liệu Trường Đại học Cần Thơ | ||